Statistiques concernant Reines de France

Cliquez ici pour prendre le quiz!

Statistiques générales

  • Ce quiz a été pris 1 022 fois
  • Le résultat moyen est 37 sur 99

Statistiques - réponses

Réponse% Correct
Marie d'Angleterre
99%
Marie d'Anjou
99%
Marie de Brabant
99%
Marie de Luxembourg
99%
Marie de Médicis
99%
Marie Leszczynska
99%
Marie Stuart
99%
Anne d'Autriche
85%
Anne de Bretagne
85%
Anne de Russie
85%
Marie-Antoinette d'Autriche
85%
Catherine de Médicis
82%
BonaparteJoséphine de Beauharnais
72%
Louise de Lorraine-Vaudémont
69%
Jeanne d'Auvergne
68%
Jeanne de Bourbon
68%
ValoisJeanne de Bourgogne
68%
Jeanne d'Evreux
68%
Jeanne II de Bourgogne
68%
Jeanne Ire de Navarre
68%
Marguerite de Bourgogne
66%
BourbonMarguerite de France
66%
Marguerite de Provence
66%
Berthe de Bourgogne
64%
Berthe de Hollande
64%
Isabelle d'Aragon
59%
Isabelle de Hainault
59%
Claude de France
58%
Bonaparte (Second Empire)Eugénie de Montijo
57%
Marie-Thérèse d'Autriche
57%
Capétiens (Restauration)Marie-Thérèse de France
57%
Aliénor d'Aquitaine
56%
Blanche de Bourgogne
53%
Blanche de Castille
53%
Blanche de Navarre
53%
Elisabeth d'Autriche
53%
Isabeau de Bavière
46%
Clotilde
45%
Clotilde de Burgondie
45%
Charlotte de Savoie
44%
Éléonore d'Autriche
39%
Mathilde de Frise
38%
CapétiensAdelaïde d'Aquitaine
35%
Adelaïde de Frioul
35%
Adelaïde de Savoie
35%
Clémence de Hongrie
34%
Constance d'Arles
31%
Constance de Castille
31%
Agnès de Méranie
30%
Marie-Amélie des Deux-Siciles
29%
Adèle de Champagne
28%
Bertrade de Montfort
28%
Frédégonde
27%
Ingeburge de Danemark
23%
Emma de France
22%
Emma d'Italie
22%
Hildegarde de Vintzgau
20%
Radégonde de Poitiers
20%
Béatrice de Vermandois
19%
MérovingiensBasine de Thuringe
17%
Bathilde
17%
Judith de Bavière
16%
Rozala d'Italie
16%
Marie-Louise d'Autriche
14%
Edwige de Wessex
13%
Arégonde
12%
Richarde de Souabe
12%
Bertrude
11%
Désirée de Lombardie
11%
Galswinthe
11%
Ingeberge
11%
Audovère
10%
Ermengarde de Hesbaye
10%
Gerberge de Saxe
10%
Gondioque
10%
Ingonde
10%
Nantilde
10%
Ansgarde d'Hiémois
9%
Berchilde
9%
Bilichilde
9%
Ermentrude d'Orléans
9%
Himiltrude
9%
CarolingiensBerthe de Laon
8%
Chunsine
8%
Fastrade de Franconie
8%
Frédérune
8%
Méroflède
8%
Richilde de Provence
8%
Sichilde
8%
Ultrogothe
8%
Chimnechilde
7%
Gomatrude
7%
Luitgarde d'Alémanie
7%
Marcowefa
7%
Vultrade de Lomnardie
7%
Wulfégonde
7%
Haldetrude
6%
Théodechilde
5%
Théodérade
5%

Distribution des résultats

Percentile par nombre de réponses

% des personnes avec chaque résultat

Votre développement - résultats

Vous n’avez pas pris ce quiz